IPL 2022 Teams - Statistics

General Stats
  • This quiz has been taken 109 times
  • The average score is 9 of 10
Answer Stats
Hint Answer % Correct
Most Successful Mumbai Indians
100%
Defending Champions Chennai Super Kings
99%
Preity's Kings Punjab Kings
86%
Tabadtod Captain Delhi Capitals
84%
Rajwade Rajasthan Royals
84%
Pandya Power Gujarat Titans
81%
Bollywood King's Team Kolkata Knight Riders
81%
Cricket King's Team Royal Challengers Bangalore
81%
Muskuraiye Lucknow Super Giants
80%
Soorya Uge Sunrisers Hyderabad
80%
No matching quizzes found
Score Distribution
Percent of People with Each Score
Percentile by Number Answered
Your Score History
You have not taken this quiz